000 00500nab a2200193 a 4500
005 20210219160704.0
008 991125s1985 mx 000 0 spa u
035 _aUPN01000170667
100 1 _aCervantes Ríos, José Carlos
222 _aENLACE EDUCATIVO
245 _a¿ Cómo teorizar en una investigación ?
260 _aMéxico
300 _a29-31
362 0 _a2008 5a época, no. 38, ene.
653 0 _aTEORIA
653 0 _aINVESTIGACION
653 0 _aLECTURA
905 _aArticulo
999 _c142772
_d142772